天気記号クイズ - Statistics

General Stats
  • This quiz has been taken 200 times
  • The average score is 6 of 11
Answer Stats
Hint Answer % Correct
画像
82%
画像
74%
画像 快晴
72%
画像 砂塵嵐
70%
画像
66%
画像 みぞれ
55%
画像
52%
画像 不明
50%
画像 あられ
44%
画像
34%
画像
32%
No matching quizzes found
Score Distribution
Percent of People with Each Score
Percentile by Number Answered
Your Score History
You have not taken this quiz